00746nam a2200193 a 450000100100000000500170001000800410002702000150006804000250008310000400010824501230014826000400027130000280031170000370033970000450037604900090042195201050043099900170053500003424720200930070912.0110929s2005 cu 000 0 spa d a9592588899 aDO-SdBNPbspacBNPHU1 aVilches León, Eneida Elena95966410aManual de biología animal /cEneida Elena Vilches León, Eneida Núñez Forment, Sergo Lázaro Díaz Álvarez. aLa Habana :bFélix Varela,c2005. a152 p. :bil. ;c25 cm.1 aNúñez Forment, Eneida9596651 aDíaz Álvarez, Sergio Lázaro959666 aBNPD 001050718MOaGRbGRcCTd2011-09-29iLF1l0o p34247-10r2020-06-25w2020-06-25y1ZNo se presta c33738d33738